[Event "ch-FRA w 2015"]
[Site "Saint-Quentin FRA"]
[Date "2015.08.17"]
[Round "8.3"]
[White "Milliet, Sophie"]
[Black "Soubirou, Oriane"]
[Result "1-0"]
[WhiteTitle "IM"]
[WhiteElo "2383"]
[BlackElo "2092"]
[WhiteFideId "623725"]
[BlackFideId "686034"]
[EventDate "2015.08.09"]

1. e4 e6 2. d4 d5 3. Nc3 Nf6 4. e5 Nfd7 5. f4 c5 6. Nf3 Nc6 7. Be3 a6 8. Qd2 b5
9. dxc5 Bxc5 10. Bd3 Qb6 11. Bf2 Bb7 12. a3 Rc8 13. O-O Na5 14. f5 Nc4 15. Qg5
g6 16. fxe6 fxe6 17. Qh6 Kd8 18. Bxg6 Kc7 19. Bd3 Kb8 20. Ne2 Ndxe5 21. Nxe5
Nxe5 22. Qf4 Qd6 23. Bxc5 Rxc5 24. Nd4 Rd8 25. Rae1 Nxd3 26. Qxd6+ Rxd6 27. cxd3
Bc8 28. Rf8 Kb7 29. Re8 Rc7 30. h4 Rg7 31. Nxe6 Bxe6 32. R1xe6 Rxe6 33. Rxe6 Rg3
34. Re7+ Kb6 35. Rxh7 Kc5 36. Kf2 Rxd3 37. g4 Kd4 38. g5 Rd2+ 39. Kf3 Rd1 40. g6
Rg1 41. h5 Kd3 42. g7 d4 43. h6 Kc2 44. Rh8 1-0

[Event "ch-FRA w 2015"]
[Site "Saint-Quentin FRA"]
[Date "2015.08.17"]
[Round "8.4"]
[White "Navrotescu, Andreea-Cristiana"]
[Black "Safranska, Anda"]
[Result "1/2-1/2"]
[WhiteTitle "WFM"]
[BlackTitle "WGM"]
[WhiteElo "2275"]
[BlackElo "2153"]
[WhiteFideId "675946"]
[BlackFideId "11600209"]
[EventDate "2015.08.09"]

1. c4 e5 2. g3 Nc6 3. Bg2 g6 4. Nc3 Bg7 5. e4 d6 6. Nge2 Be6 7. d3 Qd7 8. Nd5
Nce7 9. h3 c6 10. d4 f5 11. Nxe7 Nxe7 12. d5 Bf7 13. Nc3 O-O 14. Be3 fxe4 15.
Bxe4 Nf5 16. Qd2 Nd4 17. O-O-O Rac8 18. Kb1 cxd5 19. cxd5 Rc5 20. h4 b5 21. h5
b4 22. hxg6 Bxg6 23. Bxg6 hxg6 24. Ne4 Qf5 25. Qd3 Rxd5 26. g4 Qxg4 27. Rhg1 Qf5
28. Rg5 Qf7 29. Ng3 Ra5 30. Bxd4 Qxa2+ 31. Kc2 exd4 32. Rxa5 Qxa5 33. Qxg6 b3+
34. Kxb3 Rb8+ 35. Kc2 d3+ 36. Kxd3 Rb3+ 37. Ke2 Rxb2+ 38. Kf1 Qb5+ 39. Kg1 Qe5
40. Nf5 Qf6 41. Qg4 Rb6 42. Re1 Rb7 43. Re8+ Kf7 44. Qe4 d5 45. Qxd5+ Kxe8 46.
Nd6+ Ke7 47. Nxb7 Qd4 48. Qg5+ 1/2-1/2

[Event "ch-FRA w 2015"]
[Site "Saint-Quentin FRA"]
[Date "2015.08.17"]
[Round "8.5"]
[White "Choisy, Mathilde"]
[Black "Aflalo, Sophie"]
[Result "1-0"]
[WhiteTitle "WFM"]
[WhiteElo "2170"]
[BlackElo "2117"]
[WhiteFideId "634565"]
[BlackFideId "656887"]
[EventDate "2015.08.09"]

1. e4 c5 2. Nf3 Nc6 3. d4 cxd4 4. Nxd4 Nf6 5. Nc3 e5 6. Ndb5 d6 7. Bg5 a6 8. Na3
b5 9. Nd5 Be7 10. Bxf6 Bxf6 11. c3 Ne7 12. Nxe7 Qxe7 13. g3 d5 14. exd5 b4 15.
Qa4+ Kf8 16. Qxb4 Qxb4 17. cxb4 Bg4 18. Bg2 e4 19. Rb1 Rd8 20. Nc2 Bg5 21. h3
Bd7 22. Ne3 Bb5 23. Bxe4 Re8 24. Bf3 Bc4 25. b3 Bxe3 26. bxc4 Bc5+ 27. Kf1 Rb8
28. Kg2 Bxb4 29. a3 Bd6 30. c5 1-0

[Event "ch-FRA w 2015"]
[Site "Saint-Quentin FRA"]
[Date "2015.08.17"]
[Round "8.6"]
[White "Flear, Christine"]
[Black "Collas, Silvia"]
[Result "0-1"]
[WhiteTitle "WIM"]
[BlackTitle "IM"]
[WhiteElo "2172"]
[BlackElo "2325"]
[WhiteFideId "602604"]
[BlackFideId "2902265"]
[EventDate "2015.08.09"]

1. d4 Nf6 2. c4 e6 3. Nf3 Bb4+ 4. Bd2 c5 5. e3 Nc6 6. Bd3 O-O 7. O-O d6 8. Bxb4
cxb4 9. Nbd2 a5 10. Rc1 b6 11. Ne4 Bb7 12. Ng3 g6 13. h4 Qe7 14. Re1 e5 15. Bb1
Rac8 16. Nh2 Ne8 17. h5 f5 18. hxg6 hxg6 19. d5 Nb8 20. f4 e4 21. Ne2 Na6 22.
Nd4 Nc5 23. Re2 Qh4 24. Qe1 Qxe1+ 25. Rexe1 Nf6 26. b3 Kf7 27. Rcd1 Rh8 28. Bc2
Rh7 29. Rd2 Rch8 30. Nf1 Rh1+ 31. Kf2 Ng4+ 32. Ke2 Rg1 33. g3 Rhh1 34. Rb1 Nh2
35. Kf2 Ng4+ 36. Ke2 Kf6 37. Rdd1 Rg2+ 38. Ke1 Nxe3 0-1

[Event "ch-FRA w 2015"]
[Site "Saint-Quentin FRA"]
[Date "2015.08.18"]
[Round "9.1"]
[White "Maisuradze, Nino"]
[Black "Flear, Christine"]
[Result "1-0"]
[WhiteTitle "WGM"]
[BlackTitle "WIM"]
[WhiteElo "2292"]
[BlackElo "2172"]
[WhiteFideId "13601717"]
[BlackFideId "602604"]
[EventDate "2015.08.09"]

1. d4 d5 2. c4 c6 3. Nc3 Nf6 4. e3 Bf5 5. cxd5 cxd5 6. Qb3 Nc6 7. Qxb7 Bd7 8.
Qb3 Rb8 9. Qd1 e5 10. Nf3 Bd6 11. dxe5 Nxe5 12. Be2 O-O 13. h3 Nxf3+ 14. Bxf3
Be5 15. O-O Bxc3 16. bxc3 Qa5 17. Qd4 Rfc8 18. Bd2 Rc4 19. Qe5 Re8 20. Qd6 Bf5
21. Rfd1 Bc2 22. Rdc1 Be4 23. Be2 Ra4 24. a3 Rd8 25. Qe7 Re8 26. Qb7 Rxa3 27.
Qb2 Rxa1 28. Rxa1 Qc7 29. Qa3 Rb8 30. Qa2 h6 31. Be1 Rb7 32. Ba6 Rb8 33. c4 Qe5
34. c5 Rb2 35. Qa5 Qg5 36. Bf1 Nh5 37. c6 Rc2 38. Qxa7 d4 39. c7 Bf5 40. Qb8+
Kh7 41. Ra5 dxe3 42. Qb3 e2 43. Qxc2 1-0

[Event "ch-FRA w 2015"]
[Site "Saint-Quentin FRA"]
[Date "2015.08.18"]
[Round "9.2"]
[White "Benmesbah, Natacha"]
[Black "Navrotescu, Andreea-Cristiana"]
[Result "0-1"]
[WhiteTitle "WIM"]
[BlackTitle "WFM"]
[WhiteElo "2200"]
[BlackElo "2275"]
[WhiteFideId "642002"]
[BlackFideId "675946"]
[EventDate "2015.08.09"]

1. e4 c5 2. Nf3 e6 3. g3 Nc6 4. Bg2 Nf6 5. Qe2 e5 6. Nc3 Be7 7. d3 O-O 8. O-O d6
9. Nd5 Nxd5 10. exd5 Nb4 11. c4 f5 12. a3 Na6 13. Bd2 Bf6 14. Bc3 Bd7 15. Nd2
Nc7 16. b4 b6 17. bxc5 bxc5 18. Rab1 Ne8 19. Nb3 f4 20. Be4 Bg5 21. f3 Nf6 22.
Rb2 Nxe4 23. dxe4 fxg3 24. hxg3 h5 25. Kg2 h4 26. g4 Bf4 27. Rh1 Qg5 28. Be1 Kf7
29. Bxh4 Qg6 30. Bg3 Bg5 31. Na5 Rab8 32. Rhb1 Rxb2 33. Rxb2 Rh8 34. Rb7 Qh6 35.
Rb1 Be3 36. Bh4 Qxh4 37. Qxe3 Qh2+ 38. Kf1 Qc2 0-1

[Event "ch-FRA w 2015"]
[Site "Saint-Quentin FRA"]
[Date "2015.08.18"]
[Round "9.3"]
[White "Soubirou, Oriane"]
[Black "Skripchenko, Almira"]
[Result "0-1"]
[BlackTitle "IM"]
[WhiteElo "2092"]
[BlackElo "2435"]
[WhiteFideId "686034"]
[BlackFideId "13900145"]
[EventDate "2015.08.09"]

1. e4 c5 2. Nc3 a6 3. a4 Nc6 4. f4 e6 5. Nf3 d5 6. d3 Nge7 7. Be2 g6 8. O-O Bg7
9. Qe1 h6 10. Bd1 f5 11. a5 O-O 12. e5 Nxa5 13. h4 Nac6 14. h5 Bd7 15. Nh4 Be8
16. hxg6 Nxg6 17. Nxg6 Bxg6 18. Qg3 Ne7 19. Bf3 Rc8 20. b3 Kh7 21. Ne2 Rg8 22.
Ba3 Bf8 23. Qf2 Qc7 24. c4 dxc4 25. dxc4 Be8 26. Rfd1 Ng6 27. Rd3 Be7 28. Rad1
Nh4 29. Ng3 Nxf3+ 30. Qxf3 Bc6 31. Qh5 Rg6 32. R1d2 Rcg8 33. Qh3 Rg4 34. Qh5
Rxg3 35. Rxg3 Rxg3 36. Qf7+ Rg7 37. Qxe6 Be4 38. Rd7 Qa5 39. b4 Qxa3 40. Rxe7
Qe3+ 0-1

[Event "ch-FRA w 2015"]
[Site "Saint-Quentin FRA"]
[Date "2015.08.18"]
[Round "9.4"]
[White "Aflalo, Sophie"]
[Black "Milliet, Sophie"]
[Result "0-1"]
[BlackTitle "IM"]
[WhiteElo "2117"]
[BlackElo "2383"]
[WhiteFideId "656887"]
[BlackFideId "623725"]
[EventDate "2015.08.09"]

1. e4 c5 2. Nf3 d6 3. d4 cxd4 4. Nxd4 Nf6 5. Nc3 a6 6. Bc4 e6 7. Bb3 Nbd7 8. f4
Nc5 9. f5 Be7 10. Qe2 Qc7 11. O-O b5 12. a3 Nxb3 13. cxb3 O-O 14. Bg5 Qa7 15.
Be3 Qb7 16. Qf3 Bd7 17. Qg3 Kh8 18. Bg5 Qa7 19. Be3 Qb7 20. Bg5 b4 21. axb4 Qxb4
22. Rad1 Rae8 23. Kh1 Rg8 24. Rf3 d5 25. Qh4 exf5 26. exf5 h6 27. Rh3 Nh7 28.
Bxe7 Qxe7 29. Qxe7 Rxe7 30. Nxd5 Re5 31. Nf3 Ree8 32. Nc7 Re7 33. Nxa6 Bxf5 34.
Rh4 Bc2 35. Rc1 Bxb3 36. Nc5 Bd5 37. Nd4 Rb8 38. b3 Nf6 39. Rf4 Rb4 40. Nd3 Rb8
41. Kg1 Re4 42. Rxe4 Bxe4 43. Ne5 Kg8 44. h3 Ra8 45. Re1 Ra2 46. Re2 Ra1+ 47.
Kh2 Rd1 48. Nec6 Rb1 49. b4 h5 50. b5 h4 51. Ne7+ Kh7 52. Nef5 Bxf5 53. Nxf5 g5
54. Re5 Kg6 55. Ne7+ Kh6 56. Nf5+ Kh7 57. g3 Rb2+ 58. Kg1 g4 59. hxg4 h3 60. Ne3
Kg6 61. b6 Nh7 62. Nd5 Ng5 63. Rf5 Rb1+ 64. Kh2 Rb2+ 65. Kg1 Rb1+ 66. Kh2 Rb2+
67. Kg1 h2+ 68. Kh1 Ne4 69. Rf3 Kg5 70. b7 Kxg4 71. b8=Q Rxb8 72. Re3 Nxg3+ 0-1

[Event "ch-FRA w 2015"]
[Site "Saint-Quentin FRA"]
[Date "2015.08.18"]
[Round "9.5"]
[White "Collas, Silvia"]
[Black "Leconte, Maria"]
[Result "1-0"]
[WhiteTitle "IM"]
[BlackTitle "WGM"]
[WhiteElo "2325"]
[BlackElo "2251"]
[WhiteFideId "2902265"]
[BlackFideId "618446"]
[EventDate "2015.08.09"]

1. c4 e5 2. Nc3 Nc6 3. g3 Bc5 4. Bg2 d6 5. e3 Bf5 6. a3 a5 7. d3 Qd7 8. h3 Nge7
9. Nge2 O-O 10. b3 Bb6 11. Bb2 Bg6 12. Qd2 Rae8 13. Na4 f5 14. Nxb6 cxb6 15. f4
a4 16. b4 d5 17. fxe5 dxc4 18. Nf4 Bf7 19. Qc3 Nd5 20. e6 Nxc3 21. exd7 Rxe3+
22. Kf2 g5 23. Kxe3 gxf4+ 24. gxf4 Nd5+ 25. Bxd5 Bxd5 26. Rhg1+ Kf7 27. dxc4
Bxc4 28. Rad1 Ke6 29. Rg7 Rd8 30. Rxh7 Ne7 31. Rh6+ Kf7 32. Rf6+ Kg8 33. Rg1+
Kh7 34. Rd6 Nd5+ 1-0

[Event "ch-FRA w 2015"]
[Site "Saint-Quentin FRA"]
[Date "2015.08.18"]
[Round "9.6"]
[White "Safranska, Anda"]
[Black "Choisy, Mathilde"]
[Result "1/2-1/2"]
[WhiteTitle "WGM"]
[BlackTitle "WFM"]
[WhiteElo "2153"]
[BlackElo "2170"]
[WhiteFideId "11600209"]
[BlackFideId "634565"]
[EventDate "2015.08.09"]

1. e4 c5 2. d3 Nc6 3. f4 g6 4. Nf3 Bg7 5. Be2 e6 6. O-O Nge7 7. c3 O-O 8. Kh1 d6
9. Qe1 Qd7 10. Na3 b6 11. Be3 Ba6 12. Rd1 f5 13. Nc2 d5 14. e5 Rac8 15. Bf2 Bh6
16. g3 Nd8 17. Qd2 Nf7 18. Be3 Nc6 19. h4 Rfd8 20. Kh2 Bg7 21. Kh3 h5 22. b4 Bf8
23. a3 Nb8 24. Rb1 c4 25. Nfe1 Rc7 26. Nd4 cxd3 27. Nxd3 Bc4 28. Rfc1 Nc6 29.
Bd1 Rdc8 30. Kh2 Nfd8 31. Nb2 Nxd4 32. Bxd4 Nc6 33. Bf2 b5 34. Bf3 Ba2 35. Ra1
Bb3 36. Nd3 Bc4 37. Nc5 Bxc5 38. Bxc5 Nd8 39. Qd1 a6 40. a4 Nb7 41. Bb6 Rc6 42.
Bd4 Nd8 43. axb5 axb5 44. Ra7 R6c7 45. Rca1 Rxa7 46. Rxa7 Rc7 47. Ra6 Rc6 48.
Ra3 Rc8 49. Ra7 Rc7 50. Ra8 Rc8 51. Qa1 Nc6 52. Qa6 Rxa8 53. Qxa8+ Kg7 54. Bc5
Nd8 55. Kg1 Kf7 56. Qb8 Kg7 57. Kf2 Kf7 58. Ke3 Kg7 59. Bg2 Kf7 60. Bb6 Ke7 61.
Bf3 Ke8 62. Kd4 Ke7 63. Qd6+ Ke8 64. Bxd8 Kxd8 65. Qb8+ Qc8 66. Qb6+ Qc7 67.
Qd6+ Qd7 68. Kc5 Kc8 69. Qa6+ Kd8 70. Qd6 Kc8 71. Qc6+ Kd8 72. Qd6 1/2-1/2

[Event "ch-FRA w 2015"]
[Site "Saint-Quentin FRA"]
[Date "2015.08.19"]
[Round "10.1"]
[White "Skripchenko, Almira"]
[Black "Aflalo, Sophie"]
[Result "1-0"]
[WhiteTitle "IM"]
[WhiteElo "2435"]
[BlackElo "2117"]
[WhiteFideId "13900145"]
[BlackFideId "656887"]
[EventDate "2015.08.09"]

1. e4 c5 2. b3 Nc6 3. Bb2 e5 4. Bc4 d6 5. Ne2 Be6 6. d3 Be7 7. O-O Bf6 8. Nd2 g5
9. c3 Nge7 10. d4 Bg4 11. f3 Bd7 12. dxc5 dxc5 13. Rf2 Qa5 14. Nf1 O-O-O 15.
Bxf7 h5 16. Ne3 Be8 17. Be6+ Kb8 18. Qe1 Bg6 19. Ng3 g4 20. fxg4 Bh4 21. Nef1
Qb6 22. Bf5 hxg4 23. Bxg4 c4 24. b4 Nc8 25. Bf5 Bh5 26. Qe3 Qxe3 27. Nxe3 Bxg3
28. hxg3 Nb6 29. Be6 Bg6 30. Bf5 Bf7 31. a4 a5 32. b5 Nd4 33. cxd4 exd4 34. Nd5
Nxd5 35. Bxd4 Nb4 36. Be5+ Ka7 37. Bxh8 Rxh8 38. e5 Re8 39. Re2 Bd5 40. e6 Re7
41. g4 Nd3 42. Bxd3 cxd3 43. Re3 Bxe6 44. Rxd3 Bxg4 45. Rd4 Rg7 46. Kf2 Be6 47.
Re1 Rf7+ 48. Kg1 Bb3 49. Re3 Ba2 50. g4 Rc7 51. g5 Kb6 52. Re5 Rc1+ 53. Kf2 Bb3
54. g6 Rc2+ 55. Kg3 Rc1 56. Rg5 Rg1+ 57. Kf4 Rf1+ 58. Ke3 Re1+ 59. Kf2 Re8 60.
g7 1-0

[Event "ch-FRA w 2015"]
[Site "Saint-Quentin FRA"]
[Date "2015.08.19"]
[Round "10.2"]
[White "Choisy, Mathilde"]
[Black "Milliet, Sophie"]
[Result "0-1"]
[WhiteTitle "WFM"]
[BlackTitle "IM"]
[WhiteElo "2170"]
[BlackElo "2383"]
[WhiteFideId "634565"]
[BlackFideId "623725"]
[EventDate "2015.08.09"]

1. e4 c5 2. Nf3 d6 3. d4 cxd4 4. Nxd4 Nf6 5. Nc3 a6 6. Be2 e5 7. Nb3 Be7 8. O-O
O-O 9. Be3 Be6 10. Qd2 Nbd7 11. a4 Rc8 12. a5 Qc7 13. Rfd1 Nc5 14. Nxc5 dxc5 15.
Nd5 Bxd5 16. exd5 Ne4 17. Qd3 Nd6 18. c4 e4 19. Qc2 f5 20. Qd2 Nf7 21. Rac1 Bd6
22. g3 Qe7 23. b4 Rfd8 24. bxc5 Bxc5 25. Rb1 Bxe3 26. Qxe3 Rd7 27. Rb6 Qc5 28.
Qf4 Nd6 29. Rdb1 Re8 30. Bh5 g6 31. Be2 e3 32. f3 Kg7 33. h4 h6 34. Rxd6 Qxd6
35. Rxb7 Qe7 36. Qd4+ Kh7 37. Rb6 Qa3 38. Qf6 Rg7 39. Qb2 Qxa5 40. Qb1 Qd2 41.
Kf1 h5 42. Rxa6 f4 43. Ra2 Qd4 44. Qa1 Qxa1+ 45. Rxa1 fxg3 46. Kg2 g5 47. hxg5
Rxg5 48. f4 Rg7 49. Rh1 Kg8 50. Rxh5 Re4 51. Rf5 Rd4 52. Re5 Rxf4 53. Rxe3 Rf2+
54. Kg1 Rh2 55. Re5 Kf7 56. c5 Kf6 57. Re6+ Kf5 58. Bd3+ Kf4 59. Re1 Rd2 60. Bc4
g2 61. Be2 Re7 62. d6 Rexe2 63. Rxe2 Rxe2 64. d7 Ke5 0-1

[Event "ch-FRA w 2015"]
[Site "Saint-Quentin FRA"]
[Date "2015.08.19"]
[Round "10.3"]
[White "Leconte, Maria"]
[Black "Maisuradze, Nino"]
[Result "0-1"]
[WhiteTitle "WGM"]
[BlackTitle "WGM"]
[WhiteElo "2251"]
[BlackElo "2292"]
[WhiteFideId "618446"]
[BlackFideId "13601717"]
[EventDate "2015.08.09"]

1. e4 c5 2. Nf3 e6 3. d4 cxd4 4. Nxd4 a6 5. Nc3 b5 6. Bd3 Qb6 7. Nf3 Qc7 8. O-O
Nc6 9. Re1 Bb7 10. e5 f5 11. Bf4 Bc5 12. a3 Nce7 13. Be3 Nh6 14. Bxh6 gxh6 15.
Nh4 O-O-O 16. Qd2 Rhg8 17. b4 Bd4 18. Ne2 Bxa1 19. Rxa1 Rg4 20. g3 Qc6 21. f3
Rxh4 22. gxh4 Qxf3 23. Ng3 Rg8 0-1

[Event "ch-FRA w 2015"]
[Site "Saint-Quentin FRA"]
[Date "2015.08.19"]
[Round "10.4"]
[White "Navrotescu, Andreea-Cristiana"]
[Black "Collas, Silvia"]
[Result "1/2-1/2"]
[WhiteTitle "WFM"]
[BlackTitle "IM"]
[WhiteElo "2275"]
[BlackElo "2325"]
[WhiteFideId "675946"]
[BlackFideId "2902265"]
[EventDate "2015.08.09"]

1. d4 Nf6 2. c4 e6 3. Nc3 Bb4 4. e3 b6 5. Ne2 Ba6 6. Ng3 h5 7. Bd3 Bb7 8. f3
Bxc3+ 9. bxc3 d6 10. e4 h4 11. Nf1 e5 12. Bg5 Nbd7 13. Nd2 Nf8 14. O-O Ne6 15.
Be3 Nh5 16. Bc2 Nef4 17. Bxf4 Nxf4 18. Rf2 Qg5 19. Kh1 O-O-O 20. a4 a5 21. c5
dxc5 22. dxc5 Rh6 23. Qf1 Kb8 24. Nb3 Ka7 25. Rd1 Ba6 26. Qe1 Rxd1 27. Qxd1 Rg6
28. cxb6+ cxb6 29. Qd7+ Bb7 30. Qd2 Bc6 31. c4 Nh3 32. Rf1 Nf4 33. Rf2 Nh3 34.
Rf1 Nf4 1/2-1/2

[Event "ch-FRA w 2015"]
[Site "Saint-Quentin FRA"]
[Date "2015.08.19"]
[Round "10.5"]
[White "Safranska, Anda"]
[Black "Benmesbah, Natacha"]
[Result "1-0"]
[WhiteTitle "WGM"]
[BlackTitle "WIM"]
[WhiteElo "2153"]
[BlackElo "2200"]
[WhiteFideId "11600209"]
[BlackFideId "642002"]
[EventDate "2015.08.09"]

1. e4 c5 2. Nf3 Nc6 3. d3 d5 4. exd5 Qxd5 5. Nc3 Qd8 6. h3 e5 7. g3 Be7 8. Bg2
Be6 9. O-O f6 10. Be3 Qd7 11. a4 O-O-O 12. Kh2 g5 13. a5 g4 14. hxg4 h5 15. gxh5
Nh6 16. Rh1 Ng4+ 17. Kg1 Nxe3 18. fxe3 Rdg8 19. Ne2 Bg4 20. a6 b6 21. c3 Kc7 22.
Kf2 Rxh5 23. Rxh5 Bxh5 24. Qb3 Rg7 25. Qa4 Bg6 26. d4 Bd3 27. d5 Nb8 28. Qxd7+
Nxd7 29. Nc1 e4 30. Nd2 f5 31. Nxd3 exd3 32. Bh3 Bd6 33. Rg1 Rg5 34. c4 Nf6 35.
Kf3 Nd7 36. Kf2 Rh5 37. Bg2 Be5 38. Bf1 Nf6 39. Bxd3 Ng4+ 40. Ke1 Nxe3 41. Nf3
Bxb2 42. Kd2 Bd4 43. Re1 b5 44. Rxe3 Bxe3+ 45. Kxe3 b4 46. Kf4 b3 47. Bxf5 b2
48. Nd2 Rh2 49. Ke3 Rg2 50. g4 Kb6 51. d6 Rg1 52. d7 Kc7 53. Nb1 Rf1 54. Nc3 Kd8
55. Ke2 Rc1 56. Kd2 Ke7 57. g5 Rf1 58. Bd3 Rg1 59. g6 Kxd7 60. Kc2 Rg3 61. Bf5+
Kc6 62. Kxb2 Kb6 63. Nd5+ Kxa6 64. Nf4 Ka5 65. Nh5 Rg5 66. g7 Rxf5 67. g8=Q Rxh5
68. Qb8 a6 69. Qc8 Kb6 70. Qd8+ Kb7 71. Qe7+ Kb6 72. Kb3 Rh6 73. Qd8+ Kb7 74.
Qe7+ Kb6 75. Qf8 Rh3+ 76. Ka4 Rd3 77. Qh6+ Kc7 78. Qxa6 Rd1 79. Kb5 Rb1+ 80.
Kxc5 Rb7 81. Qxb7+ Kxb7 82. Kd6 Kc8 83. Kc6 1-0

[Event "ch-FRA w 2015"]
[Site "Saint-Quentin FRA"]
[Date "2015.08.19"]
[Round "10.6"]
[White "Flear, Christine"]
[Black "Soubirou, Oriane"]
[Result "0-1"]
[WhiteTitle "WIM"]
[WhiteElo "2172"]
[BlackElo "2092"]
[WhiteFideId "602604"]
[BlackFideId "686034"]
[EventDate "2015.08.09"]

1. d4 e6 2. c4 f5 3. Nc3 Nf6 4. Qc2 Bb4 5. e3 b6 6. Bd3 Bb7 7. f3 O-O 8. Ne2 Nc6
9. a3 Bd6 10. Bd2 a5 11. O-O g6 12. Nb5 Be7 13. Nbc3 e5 14. Nd5 Kg7 15. dxe5
Nxe5 16. Bc3 Nxd5 17. cxd5 Bf6 18. Rfd1 Qe7 19. Nf4 Nxf3+ 20. Kf2 Ne5 21. h3
Rae8 22. Re1 c6 23. dxc6 Bxc6 24. Bd4 Qd6 25. Qc3 Nxd3+ 26. Qxd3 Bxd4 27. Qxd4+
Qxd4 28. exd4 g5 29. Ne2 Re4 30. Red1 Rfe8 31. Nc3 Rf4+ 32. Kg1 Re3 33. d5 Bb7
34. Rd2 Rc4 35. Nb5 Re5 36. Nd6 Rc7 37. g4 f4 38. Nf5+ Kf6 39. Rad1 Rc5 40. d6
Rcd5 41. Rxd5 Rxd5 42. Re1 Rd2 43. Re7 f3 0-1

[Event "ch-FRA w 2015"]
[Site "Saint-Quentin FRA"]
[Date "2015.08.20"]
[Round "11.1"]
[White "Maisuradze, Nino"]
[Black "Navrotescu, Andreea-Cristiana"]
[Result "1-0"]
[WhiteTitle "WGM"]
[BlackTitle "WFM"]
[WhiteElo "2292"]
[BlackElo "2275"]
[WhiteFideId "13601717"]
[BlackFideId "675946"]
[EventDate "2015.08.09"]

1. d4 Nf6 2. c4 g6 3. Nc3 d5 4. Bg5 Ne4 5. Bh4 Nxc3 6. bxc3 dxc4 7. e3 Qd5 8.
Nf3 Bg4 9. Be2 c6 10. O-O Nd7 11. Re1 Nb6 12. a4 Qa5 13. Qc2 Bg7 14. h3 Bxf3 15.
Bxf3 g5 16. Bg3 h5 17. Bc7 g4 18. hxg4 hxg4 19. Bxg4 Qg5 20. Bf3 Nd5 21. Bg3
O-O-O 22. a5 Rh6 23. Kf1 Nxe3+ 24. fxe3 Qxg3 25. a6 b5 26. Qf5+ Rd7 27. Ke2 Rf6
28. Qc5 Qd6 29. Qh5 Kc7 30. Rab1 Qa3 31. Qe5+ Kc8 32. Qg5 Rg6 33. Qf5 Qxc3 34.
Qxf7 Qd3+ 35. Kf2 Bf6 36. Qe8+ Kc7 37. Qa8 Bh4+ 38. Kg1 e5 39. Qxa7+ Kd8 40.
Qb8+ Ke7 41. a7 Bxe1 42. Qxe5+ Re6 43. Qg5+ Rf6 44. a8=Q Qxb1 45. Qg7+ 1-0

[Event "ch-FRA w 2015"]
[Site "Saint-Quentin FRA"]
[Date "2015.08.20"]
[Round "11.2"]
[White "Milliet, Sophie"]
[Black "Skripchenko, Almira"]
[Result "1/2-1/2"]
[WhiteTitle "IM"]
[BlackTitle "IM"]
[WhiteElo "2383"]
[BlackElo "2435"]
[WhiteFideId "623725"]
[BlackFideId "13900145"]
[EventDate "2015.08.09"]

1. e4 e5 2. Nf3 Nf6 3. Nxe5 d6 4. Nf3 Nxe4 5. d4 d5 6. Bd3 Be7 7. O-O Nc6 8. c4
Nf6 9. h3 Nb4 10. Be2 dxc4 11. Bxc4 O-O 12. Nc3 c6 13. Bg5 Nbd5 14. Re1 Be6 15.
Bb3 Re8 16. Qd2 Qb6 17. Re2 Kf8 18. Na4 Qc7 19. Nc5 Bxc5 20. dxc5 Bf5 21. Bxf6
Nxf6 22. Rxe8+ Rxe8 23. Ng5 Bg6 24. Bc2 Qd8 25. Qxd8 Rxd8 26. Bxg6 hxg6 27. Nf3
Rd5 28. b4 Nd7 29. Rb1 Ne5 30. Nxe5 Rxe5 31. Kf1 a5 32. bxa5 Rxc5 33. Rxb7 Rxa5
34. Rc7 Rxa2 35. Rxc6 Ke7 36. h4 Ra1+ 37. Ke2 Ra2+ 38. Ke3 Ra3+ 39. Ke2 Ra2+ 40.
Ke3 Ra3+ 41. Ke4 1/2-1/2

[Event "ch-FRA w 2015"]
[Site "Saint-Quentin FRA"]
[Date "2015.08.20"]
[Round "11.3"]
[White "Collas, Silvia"]
[Black "Safranska, Anda"]
[Result "1-0"]
[WhiteTitle "IM"]
[BlackTitle "WGM"]
[WhiteElo "2325"]
[BlackElo "2153"]
[WhiteFideId "2902265"]
[BlackFideId "11600209"]
[EventDate "2015.08.09"]

1. d4 d6 2. Nf3 g6 3. c4 Bg7 4. Nc3 Bg4 5. e3 Nc6 6. Be2 Nf6 7. d5 Bxf3 8. Bxf3
Ne5 9. Be2 O-O 10. f4 Ned7 11. Bf3 Rb8 12. O-O e5 13. Qc2 exf4 14. exf4 Re8 15.
Bd2 c6 16. dxc6 Qb6+ 17. Kh1 bxc6 18. Na4 Qc7 19. Rad1 Qb7 20. Bc3 d5 21. b3 Ne4
22. Bxg7 Kxg7 23. Nc3 Ndf6 24. cxd5 cxd5 25. Nxd5 Rbc8 26. Qb2 Qc6 27. Bxe4 Rxe4
28. Rc1 Qxd5 29. Rxc8 Rxf4 30. Rcc1 Rd4 31. Rc4 1-0

[Event "ch-FRA w 2015"]
[Site "Saint-Quentin FRA"]
[Date "2015.08.20"]
[Round "11.4"]
[White "Benmesbah, Natacha"]
[Black "Choisy, Mathilde"]
[Result "1-0"]
[WhiteTitle "WIM"]
[BlackTitle "WFM"]
[WhiteElo "2200"]
[BlackElo "2170"]
[WhiteFideId "642002"]
[BlackFideId "634565"]
[EventDate "2015.08.09"]

1. e4 c5 2. Nf3 Nc6 3. Bb5 Nf6 4. Nc3 g6 5. h3 Nd4 6. Bc4 b5 7. Nxb5 Nxb5 8. e5
Nc7 9. exf6 e6 10. d4 Bb7 11. Bg5 h6 12. Bh4 Nd5 13. O-O Nf4 14. d5 g5 15. dxe6
fxe6 16. Ne5 gxh4 17. f7+ Ke7 18. Qg4 Kd6 19. Qxf4 Qg5 20. Rad1+ Bd5 21. Ng6+
Qxf4 22. Nxf4 Rb8 23. Bxd5 exd5 24. Rxd5+ Kc6 25. Rfd1 d6 26. Ng6 Rh7 27. Nxf8
Rxf8 28. Rxd6+ Kb5 29. Rd7 Rhxf7 30. Rxf7 Rxf7 31. Rd6 Rf4 32. Kf1 Ra4 33. a3
Rc4 34. Rd2 a5 35. Ke2 Re4+ 36. Kf3 Rc4 37. Ke3 Kc6 38. c3 1-0

[Event "ch-FRA w 2015"]
[Site "Saint-Quentin FRA"]
[Date "2015.08.20"]
[Round "11.5"]
[White "Soubirou, Oriane"]
[Black "Leconte, Maria"]
[Result "1/2-1/2"]
[BlackTitle "WGM"]
[WhiteElo "2092"]
[BlackElo "2251"]
[WhiteFideId "686034"]
[BlackFideId "618446"]
[EventDate "2015.08.09"]

1. e4 c5 2. Nf3 Nc6 3. c3 Nf6 4. Bd3 e5 5. Qe2 g6 6. O-O Bg7 7. Bc2 O-O 8. d3 d6
9. Bg5 h6 10. Bh4 g5 11. Bg3 Nh5 12. Nbd2 Nf4 13. Qe3 Ne7 14. h3 Neg6 15. Bd1 b6
16. a4 Ne7 17. Nh2 d5 18. Bg4 f5 19. exf5 Nxf5 20. Bxf5 Bxf5 21. Ng4 d4 22. cxd4
exd4 23. Qf3 h5 24. Nh2 Bxd3 25. Bxf4 Bxf1 26. Qxh5 Rxf4 27. Rxf1 Rh4 28. Qf3
Rc8 29. Ng4 c4 30. Ne4 d3 31. Qf5 Rc6 32. Nxg5 Rf6 33. Qe4 Rxg4 34. hxg4 Qc7 35.
Qh7+ Kf8 36. Qe4 Kg8 37. Re1 Qc5 38. Qh7+ Kf8 39. Qh4 d2 40. Rd1 Qe5 41. Nf3
Rxf3 42. gxf3 Qe1+ 43. Kg2 Qxd1 44. Qd8+ Kf7 45. Qd7+ Kf6 46. Qd6+ Kf7 47. Qd7+
Kf6 1/2-1/2